Fortnite, trouve la saison en fonction de la map (chapitre 1). - Statistiques

Statistiques générales
  • Ce quiz a été pris 2 019 fois
  • Le résultat moyen est 8 sur 9
Statistiques - réponses
Par images Réponse % Correct
saison 6
98%
saison 1
95%
saison 4
95%
saison 9
93%
saison 10
91%
saison 5
91%
saison 3
90%
saison 7
90%
saison 8
90%
Aucun quiz correspondant
Distribution des résultats
% des personnes avec chaque résultat
Percentile par nombre de réponses
Votre historique - résultats
Vous n’avez pas pris ce quiz